00834nam a2200205 i 450000100060000000300090000600500170001500700030003200800410003510000410007624500560011725000840017326000670025730000330032460000390035765100670039685200240046399900170048795201240050442020ES-MaACL20231226160020.0t|030312s1952 cu ||||1| spa d1 aCarbonell y Rivero, Néstor.93507410aMartí, carne y espíritu / cNéstor Carbonell. aEd. homenaje a la República de Cuba en el cincuentenario de su independencia. aHabana : b[s.n.], c1952 (fImp. Seoane Fernández y Cía.) a2 v. : b1 lám. ; c21 cm.14aMartí, José,d1853-1895977189 4aCuba-xHistoria-y1895-1898, Guerra de la Independencia.98096 aES-MaACLjD-7446-47 c42020d42020 00104070aATENEOMbATENEOMcSVId2008-01-17eSCl0oD-7446-47p901044231r2023-02-23 00:00:00w2023-02-23yMONOGRAFIA